000 00711nam a2200265Ia 4500
005 20260121171539.0
008 008 260114s9999 xx 000 0 eng d
020 _a9789813295957
037 _aEBOOK
040 _aCRL
040 _beng
040 _cCRL
041 _2eng
041 _aeng
084 _qCRL
100 _aPooja Singh, Rajeev Pratap Singh, Vaibhav Srivastava
_91077553
245 0 _aContemporary Environmental Issues and Challenges in Era of Climate Change
260 _bSpringer
260 _bSpringer
260 _c2020
856 _uhttps://link.springer.com/openurl?genre=book&isbn=978-981-32-9595-7
942 _cEBOOK
999 _c1643284
_d1643284